000 00351nam a2200133Ia 4500
008 231129s1998||||xx |||||||||||||| ||spa||
020 _a84-8055-254-9
040 _bspa
082 _aR 657.03 D545c
245 0 _aDiccionario de contabilidad y finanzas
260 _c1998
264 _aCultural.
942 _2ddc
_cBKS
999 _c9319
_d9319